| 000 | 00559nam a2200193Ia 4500 | ||
|---|---|---|---|
| 008 | 090123s9999 xx 000 0 und d | ||
| 082 | _a891.463/दिवाण | ||
| 082 | _b28082 | ||
| 100 | _aदिवाण वृंदा | ||
| 245 | _aरसतृष्णा | ||
| 250 | _a1 | ||
| 260 | _bनवचैतन्य प्रकाशन | ||
| 300 | _a164 | ||
| 600 | _aदिवाण वृंदा | ||
| 630 | _aरसतृष्णा | ||
| 700 | _aदिवाण वृंदा | ||
| 730 | _aरसतृष्णा | ||
| 942 | _cBOOK | ||
| 999 |
_c66496 _d66496 |
||